Statistiken für Schweiz - Geschichte Quiz

Klicken Sie hier um das Quiz zu spielen!

Allgemein

  • Dieses Quiz wurde 11 mal gespielt
  • Das Durchschnittsergebnis liegt bei 5 aus 15

Antwortstatistiken

HinweisAntwort% Korrekt
Nationalheld der seinem Sohn einen Apfel vom Kopf schossWilhelm Tell
100%
Einziger im 20. Jahrhundert gegründeter KantonJura
60%
Französischer General, der 1798 das Ancien Régime beendeteNapoleon Bonaparte
60%
Talschaften, die die Eidgenossenschaft begründeten (nennen Sie einen)Schwyz | Unterwalden | Uri
60%
Jahr der Errichtung der heutigen Schweizer Bundesstaates1848
50%
Jahr der Einführung des Frauenwahlrechts1971
50%
Organisation der die Schweiz 2002 beitrat, nach Montenegro der zweitspäteste Beitritt eines europäischen LandesUNO
50%
Stadt bei deren alliierten Bombardierung im April 1944 vierzig Menschen starbenSchaffhausen
40%
Stadt in der Elisabeth von Österreich-Ungarn 1898 bei einem Attentat ermordet wurdeGenf
20%
Philosoph der die Französische Revolution beeinflussteJean-Jacques
Rousseau
10%
In Genf tätiger Kirchenreformator mit strenger Auslegung der BibelJohannes Calvin
10%
Römische Provinz im heutigen Wallis und GraubündenRaetia
10%
Konflikt im Kanton Graubünden im Rahmen des Dreißigjährigen KriegesBündner Wirren
0%
Keltischer Fundplatz im Kanton Neuenburg, Namensgeber der jüngeren vorrömischen EisenzeitLa Tène
0%
Schlacht, die die Expansionsbestrebungen der Eidgenossen beendeteSchlacht bei Marignano
0%

Verteilung der Resultate

Perzentil nach korrekt beantworteten Fragen

Anzahl Personen mit jedem Resultat

Ihre Resultats-Entwicklung

Sie haben dieses Quiz noch nicht gespielt